000 00785nam a2200217Ii 4500
003 JO-AjNU
008 230605s9999||||xx |||||||||||||| ||und||
040 _aJO-AjNU
_bara
_erda
_cJO-AjNU
041 _aara
050 1 4 _aBP178 2013
100 3 _aالسابعي، ناصر بن سليمان بن سعيد,
_eauthor
_945128
245 0 0 _aحديث جابر بن سمرة في النهي عن رفع اليدين في الصلاة : دراسة نقدية تخصصية وفق مناهج المحدثين
250 _aط1
264 3 1 _aد.م: المؤلف، 2013
300 _a158ص
336 _atext
_btxt
_2rdacontent
337 _aunmediated
_bn
_2rdamedia
338 _avolume
_bnc
_2rdacarrier
490 0 _aدراسات وبحوث 2
650 4 _aالصلاة- آداب
_945129
999 _aA19539
_c23107
_d23107